Green buildings revisited: large projects. (Record no. 100741)

MARC details
000 -LEADER
fixed length control field 00688cam a2200241 4500
008 - FIXED-LENGTH DATA ELEMENTS--GENERAL INFORMATION
fixed length control field 000000n2000 000 0 eng u
020 ## - INTERNATIONAL STANDARD BOOK NUMBER
International Standard Book Number 1860813925
035 ## - SYSTEM CONTROL NUMBER
System control number (Sirsi) u107931
041 ## - LANGUAGE CODE
Language code of text/sound track or separate title ENG
050 ## - LIBRARY OF CONGRESS CALL NUMBER
Classification number 691
100 ## - MAIN ENTRY--PERSONAL NAME
Personal name Yates, Alan
110 ## - MAIN ENTRY--CORPORATE NAME
Corporate name or jurisdiction name as entry element Building Research Establishment
245 ## - TITLE STATEMENT
Title Green buildings revisited: large projects.
260 ## - PUBLICATION, DISTRIBUTION, ETC.
Place of publication, distribution, etc. London
Name of publisher, distributor, etc. CRC Ltd
Date of publication, distribution, etc. 2000
300 ## - PHYSICAL DESCRIPTION
Extent 4p. ; 30cm.
490 ## - SERIES STATEMENT
Series statement BRE Information Paper
Volume/sequential designation IP 13/00. Part 2
650 ## - SUBJECT ADDED ENTRY--TOPICAL TERM
Topical term or geographic name entry element ENVIRONMENTALLY FRIENDLY BUILDINGS
650 ## - SUBJECT ADDED ENTRY--TOPICAL TERM
Topical term or geographic name entry element GREEN BUILDINGS
690 ## - LOCAL SUBJECT ADDED ENTRY--TOPICAL TERM (OCLC, RLIN)
Topical term or geographic name as entry element BUILT ENVIRONMENT-SUSTAINABLE CONSTRUCTION
700 ## - ADDED ENTRY--PERSONAL NAME
Personal name Kapoor, Prashant
700 ## - ADDED ENTRY--PERSONAL NAME
Personal name Rao, Susheel
942 ## - ADDED ENTRY ELEMENTS (KOHA)
Suppress in OPAC 0
Holdings
Withdrawn status Lost status Source of classification or shelving scheme Damaged status Not for loan Home library Current library Shelving location Date acquired Total Checkouts Full call number Barcode Date last seen Copy number Price effective from Koha item type Date last checked out
    Dewey Decimal Classification     London London Boxed set 04/12/2000   RESERVE SHELF 323 30062956 06/08/2019 1 06/08/2019 Reference material  
    Dewey Decimal Classification     London London Boxed set 19/02/2001 4 RESERVE SHELF 323 30061918 06/08/2019 2 06/08/2019 Book 05/01/2004